Type the missing letter - U.S. Presidents - Statistics

General Stats
  • This quiz has been taken 53 times
  • The average score is 12 of 20
Answer Stats
U.S. President % Correct
Eisenho{w}er
79%
Ob{a}ma
79%
{F}ord
75%
Mo{n}roe
74%
Hard{i}ng
72%
J{e}fferson
71%
C{l}inton
69%
Tyl{e}r
69%
Garf{i}eld
67%
Gran{t}
67%
Ha{y}es
67%
{J}ackson
67%
Ar{t}hur
65%
A{d}ams
64%
{B}uchanan
64%
Rea{g}an
64%
Van {B}uren
64%
Hoo{v}er
63%
Madi{s}on
63%
Was{h}ington
63%
Mc{K}inley
62%
Ro{o}sevelt
62%
Ni{x}on
61%
Bi{d}en
60%
Kenned{y}
59%
B{u}sh
58%
Cle{v}eland
58%
Truma{n}
58%
Wil{s}on
58%
Ha{r}rison
56%
{P}ierce
55%
Pol{k}
55%
Lin{c}oln
54%
Ca{r}ter
53%
Ta{f}t
53%
Tayl{o}r
53%
Jo{h}nson
50%
Tru{m}p
50%
Fi{l}lmore
47%
Coolidg{e}
38%
No matching quizzes found
Score Distribution
Percent of People with Each Score
Percentile by Number Answered
Your Score History
You have not taken this quiz